000 00988nam a2200253 i 4500
001 91964
003 ES-MaACL
005 20250811073241.0
007 t|
008 050310s2004 sp ||||1| spa d
080 _a342.4(4-672 UE)(094.5)
130 0 _aConstitución Europea (2004)
_9120300
245 1 0 _aTratado por el que se establece una Constitución para Europa.
260 _a[Madrid] :
_bMinisterio de Asuntos Exteriores y de Cooperación :
_bMinisterio del Interior :
_bMinisterio de la Presidencia,
_c[2004]
300 _a431 p. ;
_c24 cm.
630 0 7 _aConstitución Europea (2004)
_9120300
651 4 _aUnión Europa-
_vConstitución.
_99466
710 1 _aEspaña.
_bMinisterio de Asuntos Exteriores y de Cooperación.
_93847
710 1 _aEspaña.
_bMinisterio del Interior
_93941
710 1 _aEspaña.
_bMinisterio de la Presidencia.
_93907
740 0 _aConstitución europea (2004)
852 _aES-MaACL
_jL-29011
_bR.135607
999 _c91964
_d91964